000 00617nam a2200205 u 4500
005 20210223131901.0
008 121015s2009 r 000 0 eng d
020 _a9788481318425
035 _aUPN01000187522
049 _aI
050 4 _aPZ73
_bR6.2
100 1 _aRosas, Alejandro
_932672
245 1 0 _aBibi se corta el pelo /
_ctexto e il. de Alejandro Rosas.
260 _aValencia, Esp. :
_bTàndem,
_c2009.
300 _a31 p. :
_bprincipalmente il. col.
440 0 _aPrimeras decisiones.
_pA partir de 5 años
650 4 _aCUENTOS INFANTILES CHILENOS
_911282
905 _aInfantil
999 _c159625
_d159625